Normal view
MARC view
- Jefferson W. Tester, Elisabeth M.Drake and Michael J.Driscoll and Michael W. Golay and William A Peters
Entry Personal Name
001 - CONTROL NUMBER
- control field: 2923
003 - CONTROL NUMBER IDENTIFIER
- control field: OSt
005 - DATE AND TIME OF LATEST TRANSACTION
- control field: 20200114164947.0
008 - FIXED-LENGTH DATA ELEMENTS
- fixed length control field: 200114|| aca||aabn | a|a d
040 ## - CATALOGING SOURCE
- Original cataloging agency: OSt
- Transcribing agency: OSt
100 ## - HEADING--PERSONAL NAME
- Personal name: Jefferson W. Tester, Elisabeth M.Drake and Michael J.Driscoll and Michael W. Golay and William A Peters
670 ## - SOURCE DATA FOUND
- Source citation: Work cat.: (OSt): Tester, Jefferson W. 2921, Sustainable Energy / Choosing Among Options, c2012
